00507nam a22001937a 450000500170000001000130001702000110003003500130004103700160005404000120007008200130008210000280009524500460012326000420016927000420021130000200025365000210027365000190029420170124110057.0 aA-715303 c110.00 aA-715303 bCen Lib/Ret aDPLbEN a954bBRA aBrailsford, Henry Noel  aIndia rebels /cby Henry Noel Brailsford  aNew Delhi bPublications India c1987 aP.O. box no. 7188bNew Delhi e110002 a183p.c21cm(Hb) aHistory zIndia  aSocial change